书目信息 |
| 题名: |
政治生态学
|
|
| 作者: | (美) 保罗·罗宾斯 著 | |
| 分册: | ||
| 出版信息: | 南京 江苏人民出版社 2019.5 |
|
| 页数: | ||
| 开本: | 17cm | |
| 丛书名: | ||
| 单 册: | ||
| 中图分类: | D0 | |
| 科图分类: | ||
| 主题词: | 政治学--生态学--研究 | |
| 电子资源: | ||
| ISBN: | 978-7-214-23463-6 | |
| 000 | 00909nam0 2200229 450 | |
| 001 | 012019124337 | |
| 005 | 20200516224254.9 | |
| 010 | @a978-7-214-23463-6@dCNY75.00 | |
| 100 | @a20200516d2019 em y0chiy0110 ea | |
| 101 | 0 | @achi |
| 102 | @aCN@b320000 | |
| 105 | @af z 000zy | |
| 106 | @ar | |
| 200 | 1 | @a政治生态学@9Zheng Zhi Sheng Tai Xue @f (美) 保罗·罗宾斯著 |
| 210 | @a南京@c江苏人民出版社@d2019.5 | |
| 215 | @d17cm | |
| 330 | @a本书对政治生态学这一新兴学术领域进行了批判式研究。政治生态学是将政治和经济问题结合起来对环境治理和生态变化问题进行研究的跨学科领域。本书共分为4个部分:上世纪政治生态学的产生和发展;政治生态学家们在理论和方法论上面临的挑战;政治生态学解答的主要问题;该学科现在和将来面临的主要挑战。 | |
| 606 | 0 | @a政治学@x生态学@x研究 |
| 690 | 0 | @aD0@v5 |
| 701 | 0 | @a(美) 保罗·罗宾斯@9_Mei _Bao Luo ·Luo Bin Si @4著 |
| 801 | 0 | @aCN@b人天书店@c20200516 |
| 905 | @aTSG@dD0@eM531@f1 | |
| 政治生态学/ (美) 保罗·罗宾斯著.-南京:江苏人民出版社,2019.5 |
| 17cm |
| ISBN 978-7-214-23463-6:CNY75.00 |
| 本书对政治生态学这一新兴学术领域进行了批判式研究。政治生态学是将政治和经济问题结合起来对环境治理和生态变化问题进行研究的跨学科领域。本书共分为4个部分:上世纪政治生态学的产生和发展;政治生态学家们在理论和方法论上面临的挑战;政治生态学解答的主要问题;该学科现在和将来面临的主要挑战。 |
| ● |
| 相关链接 |
|
|
|
正题名:政治生态学
索取号:D0/M531
 
预约/预借
| 序号 | 登录号 | 条形码 | 馆藏地/架位号 | 状态 | 备注 |
| 1 | 1533719 | 215337197 | 社科库509/509社科库 66排9列1层/ [索取号:D0/M531] | 在馆 |